NETHERLANDS JOURNAL OF AGRICULTURAL SCIENCE (Record no. 2010)

MARC details
000 -LEADER
fixed length control field 00421nam a2200133Ia 4500
022 ## - INTERNATIONAL STANDARD SERIAL NUMBER
ISSN 0028-2928
245 #0 - TITLE STATEMENT
Title NETHERLANDS JOURNAL OF AGRICULTURAL SCIENCE
260 ## - PUBLICATION, DISTRIBUTION, ETC. (IMPRINT)
Name of publisher Royal Netherlands Society for Agricultural Science, Wageningen, The Netherlands
310 ## - CURRENT PUBLICATION FREQUENCY
Current publication frequency Q
500 ## - GENERAL NOTE
General note Ending Volume & Year: 35, 1987
500 ## - GENERAL NOTE
General note Starting Volume & Year: 11, 1963
942 ## - ADDED ENTRY ELEMENTS (KOHA)
Koha item type Bound Journal
Holdings
Withdrawn status Lost status Damaged status Not for loan Home library Current library Date acquired Accession Number Koha item type
      Bound journals RRII Library RRII Library 31/12/2021 01987J Bound Journal